Statistiques concernant Révolution française 1)

Cliquez ici pour prendre le quiz!

Statistiques générales

  • Ce quiz a été pris 53 fois
  • Le résultat moyen est 5 sur 15

Statistiques - réponses

HintRéponse% Correct
prise de la Bastille14 juillet 1789
86%
DDHC26 août 1789
76%
abolition des privilèges4 août 1789
72%
serment du jeu de Paueme20 juin 1789
62%
ouverture des EG5 mai 1789
48%
phénomène de la Grande peurjuillet 1789
31%
Sieyès proclame la chambre des communes en AN17 juin 1789
24%
l'AN devient Assemblée Constituante9 juillet 1789
24%
Bailly = premier maire de Paris13 juillet 1789
17%
journée des Tuiles à Grenoble7 juin 1788
14%
fin des lettres de cachets23 juin 1789
10%
marche sur Versailles + les femmes envahissent les bancs de l'AN5-6 octobre 1789
10%
droit de veto du Roi10 septembre 1789
7%
assemblée de Vizille21 juillet 1788
7%
traité de Versailles avec l'Angleterre3 septembre 1778
0%

Distribution des résultats

Percentile par nombre de réponses

% des personnes avec chaque résultat

Votre développement - résultats

Vous n’avez pas pris ce quiz